<?xml version="1.0" encoding="UTF-8"?><?xml-stylesheet type="text/xsl" href="static/style.xsl"?><OAI-PMH xmlns="http://www.openarchives.org/OAI/2.0/" xmlns:xsi="http://www.w3.org/2001/XMLSchema-instance" xsi:schemaLocation="http://www.openarchives.org/OAI/2.0/ http://www.openarchives.org/OAI/2.0/OAI-PMH.xsd"><responseDate>2026-04-14T04:29:16Z</responseDate><request verb="GetRecord" identifier="oai:www.recercat.cat:10256/27825" metadataPrefix="marc">https://recercat.cat/oai/request</request><GetRecord><record><header><identifier>oai:recercat.cat:10256/27825</identifier><datestamp>2025-12-05T06:02:27Z</datestamp><setSpec>com_2072_452955</setSpec><setSpec>com_2072_2054</setSpec><setSpec>col_2072_453063</setSpec></header><metadata><record xmlns="http://www.loc.gov/MARC21/slim" xmlns:dcterms="http://purl.org/dc/terms/" xmlns:xsi="http://www.w3.org/2001/XMLSchema-instance" xmlns:doc="http://www.lyncode.com/xoai" xsi:schemaLocation="http://www.loc.gov/MARC21/slim http://www.loc.gov/standards/marcxml/schema/MARC21slim.xsd">
   <leader>00925njm 22002777a 4500</leader>
   <datafield ind2=" " ind1=" " tag="042">
      <subfield code="a">dc</subfield>
   </datafield>
   <datafield ind2=" " ind1=" " tag="720">
      <subfield code="a">Fort, Joaquim</subfield>
      <subfield code="e">author</subfield>
   </datafield>
   <datafield ind2=" " ind1=" " tag="260">
      <subfield code="c">2025-11-27</subfield>
   </datafield>
   <datafield ind2=" " ind1=" " tag="520">
      <subfield code="a">This paper reviews the data and some models of premodern farming expansions. Comparison of archaeological data and models makes it possible to estimate the relative importance of demic and cultural diffusion, as well as the number of hunter-gatherers that were incorporated in the populations of early farmers per farmer and generation. At continental and large scales, most inland spread rates around the world were about 1 km/year and driven mainly by demic diffusion. However, the 1 km/year general rate is an average, which is useful as a metric that can be contrasted with the regional variation to understand the processes that sped or slowed expansion. At regional scales, estimations of spread rates performed so far refer to the Neolithic in Europe and Anatolia, the areas from which more radiocarbon dates are available. Along the inland European route, early farmers found increasing densities of hunter-gatherers and the wave of advance slowed down. Competition for space explains this slowdown reasonably well. In contrast, along the western Mediterranean, the expansion was extremely fast and can be explained by very long dispersal distances, about 300 km per generation. Other factors such as non-isotropic dispersal, mountains, soils, climate, diseases, etc. could have also affected spread rates</subfield>
   </datafield>
   <datafield ind2=" " ind1=" " tag="520">
      <subfield code="a">This work was partially funded by ICREA (Academia Grant 2022-2026), MICIU/AEI/https://doi.org/10.13039/501100011033 and FEDER/EU (Grant PID2023-150978NB-C22), and AGAUR (Grant 2021-SGR-00190).&#xd;
Open Access funding provided thanks to the CRUE-CSIC agreement with Springer Nature</subfield>
   </datafield>
   <datafield ind1="8" ind2=" " tag="024">
      <subfield code="a">http://hdl.handle.net/10256/27825</subfield>
   </datafield>
   <datafield tag="653" ind2=" " ind1=" ">
      <subfield code="a">Agricultura prehistòrica -- Models matemàtics</subfield>
   </datafield>
   <datafield tag="653" ind2=" " ind1=" ">
      <subfield code="a">Agriculture, Prehistoric -- Mathematical models</subfield>
   </datafield>
   <datafield tag="653" ind2=" " ind1=" ">
      <subfield code="a">Home -- Migracions -- Models matemàtics</subfield>
   </datafield>
   <datafield tag="653" ind2=" " ind1=" ">
      <subfield code="a">Human beings -- Migrations -- Mathematical models</subfield>
   </datafield>
   <datafield ind2="0" ind1="0" tag="245">
      <subfield code="a">Tendencies in the Tempo of Prehistoric Agricultural Expansions</subfield>
   </datafield>
</record></metadata></record></GetRecord></OAI-PMH>